000 00675nam a2200289Ia 4500
005 20260324132858.0
008 008 260324s9999 xx 000 0 eng d
020 _a9780203339817
037 _aEBOOK
040 _aCRL
040 _beng
040 _cCRL
041 _2eng
041 _aeng
084 _qCRL
100 _aJake Blood
_91190962
245 4 _aThe Tet Effect
245 0 _bIntelligence and the Public Perception of War
260 _bTaylor and Francis
260 _c2004
365 _a
365 _b290
856 _uhttp://www.taylorfrancis.com/books/9780203339817
942 _cEBOOK
999 _c1789467
_d1789467